[Event "Quebec op inv."]
[Site "Montreal CAN"]
[Date "2013.07.21"]
[Round "2.23"]
[White "Zhang, Yuanchen"]
[Black "Song, Michael"]
[Result "1/2-1/2"]
[WhiteElo "2061"]
[BlackElo "2242"]
[PlyCount "150"]
[GameId "2160767909305266"]
[EventDate "2013.07.21"]
[EventType "swiss"]
[EventRounds "9"]
[EventCountry "CAN"]

1. d4 d6 2. c4 e5 3. Nf3 e4 4. Ng5 f5 5. Nc3 Be7 6. Nh3 Nf6 7. e3 O-O 8. Be2 c6 9. Qb3 Kh8 10. Bd2 Na6 11. Rc1 Nc7 12. O-O Ne6 13. d5 Nc5 14. Qc2 Ncd7 15. f3 exf3 16. Bxf3 Ne5 17. b3 Nfg4 18. Nf4 Bg5 19. Nce2 c5 20. h3 Nxf3+ 21. Rxf3 Ne5 22. Rff1 Qe7 23. Bc3 Kg8 24. Rce1 g6 25. Nc1 Bf6 26. Ncd3 Qg7 27. Ba1 Bd7 28. Nxe5 Bxe5 29. Bxe5 Qxe5 30. Nd3 Qg7 31. Qb2 b5 32. Qxg7+ Kxg7 33. Nb2 Rfe8 34. Kf2 Re7 35. Rc1 bxc4 36. Nxc4 Bb5 37. Rfd1 Bxc4 38. Rxc4 Rb8 39. Ra4 Kf6 40. Kf3 Rbb7 41. h4 h6 42. Rd2 Rb4 43. Rxb4 cxb4 44. Rd4 Rb7 45. g4 Ke5 46. g5 hxg5 47. hxg5 a5 48. Rh4 Kxd5 49. Rh6 Rg7 50. Rh8 Kc6 51. Rc8+ Kb7 52. Rd8 Kc6 53. Rc8+ Kd7 54. Ra8 Ke6 55. Rxa5 Rb7 56. e4 fxe4+ 57. Kxe4 Rh7 58. Rb5 Rh4+ 59. Ke3 Rg4 60. Kf3 Rd4 61. Ke3 Rh4 62. Kd3 Rg4 63. Ke3 d5 64. Rb6+ Kf5 65. Rd6 d4+ 66. Rxd4 Kxg5 67. Rd5+ Kh4 68. Kf2 g5 69. Rd1 Rf4+ 70. Kg2 Kg4 71. a3 bxa3 72. Ra1 Rd4 73. Rxa3 Rd2+ 74. Kg1 Rb2 75. b4 Rxb4 1/2-1/2

[Event "Quebec op inv."]
[Site "Montreal CAN"]
[Date "2013.07.23"]
[Round "4.25"]
[White "Zhang, Yuanchen"]
[Black "Morin, Yves"]
[Result "1-0"]
[WhiteElo "2061"]
[BlackElo "2185"]
[PlyCount "85"]
[GameId "2160767909305305"]
[EventDate "2013.07.21"]
[EventType "swiss"]
[EventRounds "9"]
[EventCountry "CAN"]

1. d4 d6 2. c4 e5 3. Nf3 Nd7 4. Nc3 Ngf6 5. e4 Be7 6. Be2 O-O 7. O-O Re8 8. Qc2 c6 9. Be3 Qc7 10. h3 a6 11. Rfd1 h6 12. b4 exd4 13. Nxd4 c5 14. Nd5 Nxd5 15. cxd5 Bf6 16. Rac1 Bxd4 17. Bxd4 b6 18. Ba1 Qd8 19. Bd3 Ne5 20. f4 Nxd3 21. Qxd3 Qh4 22. Qf3 Bd7 23. bxc5 bxc5 24. e5 Rac8 25. exd6 Bb5 26. d7 Bxd7 27. d6 Qd8 28. Qc3 f6 29. Qc4+ Kh8 30. Qxa6 Ra8 31. Qc4 Ra4 32. Qxc5 Re2 33. Re1 Raxa2 34. Rxe2 Rxe2 35. Bd4 Qa8 36. Bf2 Qa2 37. Qd4 Rd2 38. Qb6 Kh7 39. Rc7 Rd1+ 40. Kh2 Qa4 41. Be3 h5 42. Qc5 Be8 43. Qf5+ 1-0

[Event "Quebec op inv."]
[Site "Montreal CAN"]
[Date "2013.07.24"]
[Round "5.18"]
[White "Kleinman, Michael"]
[Black "Zhang, Yuanchen"]
[Result "1/2-1/2"]
[WhiteElo "2298"]
[BlackElo "2061"]
[PlyCount "130"]
[GameId "2160767909305318"]
[EventDate "2013.07.21"]
[EventType "swiss"]
[EventRounds "9"]
[EventCountry "CAN"]

1. e4 e5 2. Nf3 Nc6 3. Bb5 a6 4. Ba4 Nf6 5. O-O Nxe4 6. d4 b5 7. Bb3 d5 8. dxe5 Be6 9. Be3 Bc5 10. Qd3 O-O 11. c3 Bxe3 12. Qxe3 Qe7 13. Nbd2 Qc5 14. Qxc5 Nxc5 15. Bc2 Rad8 16. Nb3 Na4 17. Rab1 Nb6 18. h3 Nc4 19. Rfe1 Rfe8 20. Nbd4 Bd7 21. Nxc6 Bxc6 22. Bd3 Bb7 23. a4 bxa4 24. Bxc4 dxc4 25. Ra1 Bc6 26. Nd4 Bb5 27. Re2 g6 28. f4 c5 29. Nf3 h6 30. Nd2 f5 31. Kf2 Kf7 32. Nf1 Ke6 33. Ne3 Rd3 34. g4 fxg4 35. Rg1 h5 36. hxg4 Rf8 37. Kg3 h4+ 38. Kxh4 Rxf4 39. Ng2 Rf7 40. Kg5 Rdf3 41. Rd1 Rf2 42. Rd6+ Ke7 43. Rdd2 Rxe2 44. Rxe2 Rf3 45. Nh4 Rg3 46. Nxg6+ Ke8 47. e6 a3 48. bxa3 Rxc3 49. Rf2 Kd8 50. e7+ Kc7 51. Re2 Be8 52. Nf4 Rxa3 53. Nd5+ Kd6 54. Nf6 Bc6 55. e8=Q Bxe8 56. Rxe8 Rf3 57. Re2 c3 58. Ra2 Ke5 59. Rxa6 c2 60. Ra1 Kd4 61. Nd7 Kc3 62. Nxc5 Kb2 63. Re1 c1=Q+ 64. Rxc1 Kxc1 65. Ne4 Kc2 1/2-1/2

[Event "Quebec op inv."]
[Site "Montreal CAN"]
[Date "2013.07.25"]
[Round "6.20"]
[White "Zhang, Yuanchen"]
[Black "Voskanyan, Vahagn"]
[Result "1/2-1/2"]
[WhiteElo "2061"]
[BlackElo "2241"]
[PlyCount "105"]
[GameId "2160767909305338"]
[EventDate "2013.07.21"]
[EventType "swiss"]
[EventRounds "9"]
[EventCountry "CAN"]

1. d4 Nf6 2. c4 c6 3. Nc3 d5 4. Nf3 Nbd7 5. Bf4 dxc4 6. a4 Qa5 7. Bd2 e5 8. e3 Bb4 9. Bxc4 O-O 10. Qc2 exd4 11. Nxd4 Ne5 12. Be2 Re8 13. O-O Ng6 14. Rad1 Qe5 15. Nb1 Bd6 16. Nf3 Qe7 17. Bc3 Ne4 18. Nbd2 Nxc3 19. Qxc3 Be6 20. Nc4 Bb4 21. Qc2 Bd5 22. Nd4 Nh4 23. g3 Be4 24. Bd3 Bxd3 25. Qxd3 Ng6 26. Nf5 Qf6 27. Ncd6 Red8 28. Qd4 Qxd4 29. Rxd4 Bxd6 30. Nxd6 c5 31. Rd2 b6 32. Rfd1 Ne5 33. Kg2 Kf8 34. f4 Nc6 35. Kf3 g6 36. g4 h6 37. h4 Rab8 38. f5 Ke7 39. Kf4 a6 40. g5 hxg5+ 41. Kxg5 f6+ 42. Kf4 Ne5 43. Ne4 Rxd2 44. Rxd2 Rh8 45. Nxf6 Nc4 46. Rg2 Kxf6 47. Rxg6+ Kf7 48. b3 Nd2 49. Rxb6 Rxh4+ 50. Ke5 Re4+ 51. Kd5 Rxe3 52. Kxc5 Nxb3+ 53. Kc4 1/2-1/2

[Event "CYCC U12"]
[Site "Ottawa CAN"]
[Date "2013.07.10"]
[Round "1"]
[White "Liu, Ryan"]
[Black "Zhang, Yuanchen"]
[Result "0-1"]
[WhiteElo "1065"]
[BlackElo "2207"]
[PlyCount "69"]
[GameId "2160767909326345"]
[EventDate "2013.07.10"]
[EventType "swiss"]
[EventRounds "6"]
[EventCountry "CAN"]
[SourceTitle "hb 2013"]

1. d4 Nf6 2. Nf3 e6 3. e3 b6 4. Bd3 Bb7 5. c3 Be7 6. Nbd2 d5 7. Qe2 Nbd7 8. O-O Ne4 9. c4 O-O 10. cxd5 exd5 11. Rd1 Bd6 12. Ba6 Bxa6 13. Qxa6 Qe7 14. b3 Ndf6 15. Nf1 Ng4 16. Ng3 Ngxf2 17. Rf1 Bxg3 18. hxg3 Ng4 19. Ba3 Nd6 20. Qd3 Qxe3+ 21. Qxe3 Nxe3 22. Rf2 Rfe8 23. Re1 Nef5 24. Rxe8+ Rxe8 25. Bxd6 Nxd6 26. Kh2 f6 27. g4 Ne4 28. Re2 Kf7 29. g5 Nxg5 30. Nxg5+ fxg5 31. Rf2+ Ke6 32. Re2+ Kd7 33. Rf2 Kd6 34. a4 c5 35. dxc5+ 0-1

[Event "CYCC U12"]
[Site "Ottawa CAN"]
[Date "2013.07.10"]
[Round "2"]
[White "Zhang, Yuanchen"]
[Black "Zhang, Zhehai"]
[Result "1-0"]
[WhiteElo "2207"]
[BlackElo "1498"]
[PlyCount "59"]
[GameId "2160767909326376"]
[EventDate "2013.07.10"]
[EventType "swiss"]
[EventRounds "6"]
[EventCountry "CAN"]
[SourceTitle "hb 2013"]

1. d4 d5 2. c4 c6 3. cxd5 cxd5 4. Nc3 Nf6 5. Nf3 Bg4 6. Ne5 Bc8 7. Bf4 Nbd7 8. e3 a6 9. Bd3 e6 10. O-O Be7 11. Rc1 O-O 12. Qb3 Nxe5 13. Bxe5 b5 14. a3 Bb7 15. Na4 Rc8 16. Nc5 Bxc5 17. dxc5 Nd7 18. Bd6 Re8 19. a4 Qg5 20. f4 Qh5 21. axb5 d4 22. c6 Nf6 23. cxb7 Ng4 24. h3 Rxc1 25. Rxc1 Nxe3 26. b8=Q Rxb8 27. Bxb8 g5 28. Be5 f5 29. Qxe6+ Qf7 30. Rc8# 1-0

[Event "CYCC U12"]
[Site "Ottawa CAN"]
[Date "2013.07.11"]
[Round "3"]
[White "Doknjas, Joshua"]
[Black "Zhang, Yuanchen"]
[Result "0-1"]
[WhiteElo "1848"]
[BlackElo "2207"]
[PlyCount "62"]
[GameId "2160767909326389"]
[EventDate "2013.07.10"]
[EventType "swiss"]
[EventRounds "6"]
[EventCountry "CAN"]
[SourceTitle "hb 2013"]

1. e4 e5 2. Nf3 Nc6 3. Bc4 Bc5 4. d4 Bxd4 5. Nxd4 Nxd4 6. O-O Nf6 7. f4 d6 8. Qd3 Be6 9. Bxe6 Nxe6 10. fxe5 dxe5 11. Qb5+ c6 12. Qxe5 Qb6+ 13. Kh1 O-O-O 14. Na3 Ng4 15. Qf5 Rd1 16. Rxd1 Nf2+ 17. Qxf2 Qxf2 18. Bd2 Rd8 19. Bc3 Rxd1+ 20. Rxd1 Nf4 21. Rg1 Ne2 22. Rb1 Nxc3 23. bxc3 Qc5 24. Rb3 a5 25. c4 Qd4 26. h3 Qxe4 27. Rb1 f5 28. Rf1 g5 29. Rf3 h5 30. Rb3 f4 31. Rf3 g4 0-1

[Event "CYCC U12"]
[Site "Ottawa CAN"]
[Date "2013.07.12"]
[Round "5"]
[White "Wan, Kevin"]
[Black "Zhang, Yuanchen"]
[Result "1-0"]
[WhiteElo "2148"]
[BlackElo "2207"]
[PlyCount "81"]
[GameId "2160767909326444"]
[EventDate "2013.07.10"]
[EventType "swiss"]
[EventRounds "6"]
[EventCountry "CAN"]
[SourceTitle "hb 2013"]

1. e4 e5 2. Nf3 Nc6 3. Bb5 a6 4. Bxc6 dxc6 5. O-O Ne7 6. c3 Ng6 7. d4 Bg4 8. Be3 Bd6 9. Nbd2 O-O 10. h3 Bxf3 11. Nxf3 Qe7 12. Re1 exd4 13. Bxd4 Ne5 14. Nxe5 Bxe5 15. Bxe5 Qxe5 16. Qb3 b6 17. Rad1 Rad8 18. Qc4 Qb5 19. Qxb5 cxb5 20. f3 f6 21. Kf2 Kf7 22. Ke2 Ke6 23. a3 h5 24. h4 c5 25. Rxd8 Rxd8 26. Rd1 Rxd1 27. Kxd1 Ke5 28. Ke2 a5 29. Ke3 f5 30. exf5 Kxf5 31. g3 a4 32. Ke2 Ke5 33. Kd3 Kf5 34. Ke3 g6 35. Ke2 Ke5 36. Kd3 Kf5 37. Ke3 Ke5 38. g4 Kf6 39. Kf4 hxg4 40. fxg4 Kf7 41. Ke5 1-0

[Event "CYCC U12"]
[Site "Ottawa CAN"]
[Date "2013.07.12"]
[Round "6"]
[White "Zhang, Yuanchen"]
[Black "Zhao, Harry"]
[Result "1-0"]
[WhiteElo "2207"]
[BlackElo "1820"]
[PlyCount "107"]
[GameId "2160767909326467"]
[EventDate "2013.07.10"]
[EventType "swiss"]
[EventRounds "6"]
[EventCountry "CAN"]
[SourceTitle "hb 2013"]

1. d4 d5 2. c4 c6 3. Nc3 Nf6 4. Nf3 h6 5. cxd5 cxd5 6. Bf4 e6 7. e3 a6 8. Bd3 Bd6 9. Bxd6 Qxd6 10. O-O Nc6 11. Rc1 O-O 12. a3 Bd7 13. b4 b5 14. Qe2 Rfc8 15. Rfd1 e5 16. dxe5 Nxe5 17. Nxe5 Qxe5 18. Qd2 Be6 19. Ne2 Qb8 20. Nd4 Qb7 21. Qb2 Qd7 22. Rxc8+ Rxc8 23. Rc1 Qb7 24. Rc2 Rxc2 25. Qxc2 Ne4 26. f3 Nf6 27. Qc5 Nd7 28. Qe7 Qb6 29. Qd8+ Nf8 30. Bh7+ Kxh7 31. Qxf8 Qc7 32. Qc5 Qd7 33. Kf2 Kg6 34. Ke2 Bf5 35. Qb6+ Be6 36. Qxa6 Qc7 37. Nxe6 Qc2+ 38. Ke1 Qc1+ 39. Kf2 Qd2+ 40. Kg3 fxe6 41. Qxe6+ Kh7 42. Qe5 Qe1+ 43. Kh3 Qd2 44. Qd4 Qa2 45. Qd3+ Kh8 46. Qxb5 Qxa3 47. Qxd5 Qxb4 48. Qa8+ Kh7 49. Qe4+ Qxe4 50. fxe4 Kg6 51. Kg4 Kf6 52. Kh5 Kf7 53. e5 Ke7 54. Kg6 1-0

[Event "Quebec-ch classe"]
[Site "Montreal CAN"]
[Date "2013.01.18"]
[Round "1.5"]
[White "Zhang, Yuanchen"]
[Black "Kleinman, Michael"]
[Result "0-1"]
[WhiteElo "2039"]
[BlackElo "2288"]
[PlyCount "60"]
[GameId "2160767909381950"]
[EventDate "2013.01.18"]
[EventType "swiss"]
[EventRounds "5"]
[EventCountry "CAN"]
[SourceTitle "EXT 2022"]
[Source "ChessBase"]
[SourceDate "2021.10.06"]
[SourceVersion "1"]
[SourceVersionDate "2021.10.06"]
[SourceQuality "1"]

1. d4 Nf6 2. c4 g6 3. Nc3 d5 4. cxd5 Nxd5 5. g3 Bg7 6. Bg2 Nxc3 7. bxc3 c5 8. e3 O-O 9. Ne2 Qc7 10. O-O Nc6 11. Ba3 cxd4 12. cxd4 Rd8 13. Rc1 Qa5 14. Qb3 Be6 15. Qb2 Qb6 16. Qxb6 axb6 17. Bxc6 Rxa3 18. Bxb7 b5 19. d5 Bf5 20. Nd4 Bxd4 21. exd4 Rb8 22. Rc7 Ra7 23. Rxe7 Rbxb7 24. Rxb7 Rxb7 25. Rc1 Kf8 26. d6 Ke8 27. Re1+ Kd8 28. Re5 f6 29. Re3 Rb6 30. Re7 h5 0-1

[Event "Quebec-ch classe"]
[Site "Montreal CAN"]
[Date "2013.01.19"]
[Round "2.6"]
[White "Zhang, Yuanchen"]
[Black "Nicula, Marius"]
[Result "1/2-1/2"]
[WhiteElo "2031"]
[BlackElo "2207"]
[PlyCount "91"]
[GameId "2160767909381958"]
[EventDate "2013.01.18"]
[EventType "swiss"]
[EventRounds "5"]
[EventCountry "CAN"]
[SourceTitle "EXT 2022"]
[Source "ChessBase"]
[SourceDate "2021.10.06"]
[SourceVersion "1"]
[SourceVersionDate "2021.10.06"]
[SourceQuality "1"]

1. d4 e6 2. c4 d5 3. Nc3 f5 4. g3 Nf6 5. Bg2 c6 6. Nf3 Bd6 7. O-O O-O 8. c5 Be7 9. Bf4 b6 10. b4 Nh5 11. Be5 Nd7 12. Rc1 a5 13. a3 b5 14. Qb3 a4 15. Qc2 g5 16. Bd6 Bxd6 17. cxd6 Nb6 18. Nd1 Nc4 19. Nb2 g4 20. Ne5 Qxd6 21. Nbd3 Bd7 22. Nc5 Be8 23. Qc3 Nf6 24. e3 Ra7 25. Ncd3 Nd7 26. Nxd7 Rxd7 27. Ne5 Rg7 28. Rfe1 h5 29. Bf1 h4 30. Re2 Rh7 31. Ra2 Qd8 32. Re2 Qg5 33. Rec2 Qg7 34. Ra2 Rf6 35. Rac2 Rfh6 36. Ra2 hxg3 37. fxg3 Qg5 38. Rac2 Rc7 39. Ra2 Qg7 40. Rg2 Qh7 41. Ra2 Nd6 42. Qa1 Ne4 43. Rac2 Ng5 44. Rf2 Ne4 45. Re2 Ng5 46. Rf2 1/2-1/2

[Event "Quebec-ch classe"]
[Site "Montreal CAN"]
[Date "2013.01.19"]
[Round "3.8"]
[White "Lopez Linares, Lizandro"]
[Black "Zhang, Yuanchen"]
[Result "1/2-1/2"]
[WhiteElo "2066"]
[BlackElo "2031"]
[PlyCount "78"]
[GameId "2160767909381968"]
[EventDate "2013.01.18"]
[EventType "swiss"]
[EventRounds "5"]
[EventCountry "CAN"]
[SourceTitle "EXT 2022"]
[Source "ChessBase"]
[SourceDate "2021.10.06"]
[SourceVersion "1"]
[SourceVersionDate "2021.10.06"]
[SourceQuality "1"]

1. d4 Nf6 2. Nf3 e6 3. c4 b6 4. a3 Bb7 5. Nc3 d5 6. cxd5 exd5 7. Bg5 Be7 8. e3 O-O 9. Bd3 Nbd7 10. O-O Re8 11. Rc1 c5 12. dxc5 Nxc5 13. Bb5 Rf8 14. Nd4 Nfe4 15. Bxe7 Qxe7 16. Nce2 a6 17. Bc6 Qc7 18. Ba4 Qd6 19. Bc2 Rfd8 20. b4 Ne6 21. f3 Nxd4 22. Nxd4 Nf6 23. Qd3 Rac8 24. g4 h6 25. Kg2 Qe5 26. Bb3 Re8 27. Rce1 Rc7 28. Qf5 Qxf5 29. gxf5 Rc3 30. Kf2 Rec8 31. Ke2 a5 32. b5 Nd7 33. Kd2 a4 34. Bxa4 Rxa3 35. Ra1 Rxa1 36. Rxa1 Ra8 37. Kc3 Nc5 38. Kb4 Nd3+ 39. Kc3 Nc5 1/2-1/2

[Event "Quebec-ch classe"]
[Site "Montreal CAN"]
[Date "2013.01.20"]
[Round "4.6"]
[White "Zhang, Yuanchen"]
[Black "MacKinnon, Keith"]
[Result "0-1"]
[WhiteElo "2031"]
[BlackElo "2316"]
[PlyCount "76"]
[GameId "2160767909381975"]
[EventDate "2013.01.18"]
[EventType "swiss"]
[EventRounds "5"]
[EventCountry "CAN"]
[SourceTitle "EXT 2022"]
[Source "ChessBase"]
[SourceDate "2021.10.06"]
[SourceVersion "1"]
[SourceVersionDate "2021.10.06"]
[SourceQuality "1"]

1. d4 Nf6 2. c4 e6 3. Nc3 Bb4 4. e3 O-O 5. Bd3 d5 6. Nf3 c5 7. O-O Nc6 8. a3 Bxc3 9. bxc3 dxc4 10. Bxc4 Qc7 11. h3 b6 12. Qe2 Bb7 13. Bb2 e5 14. Rac1 Rad8 15. Bb5 e4 16. Bxc6 Qxc6 17. Ne5 Qc8 18. c4 Ne8 19. Rfd1 f6 20. Ng4 Nd6 21. Qc2 Ba6 22. Qb3 Kh8 23. d5 Rf7 24. Rf1 b5 25. cxb5 Bxb5 26. Rfe1 h5 27. Nh2 Rb7 28. Qd1 Be8 29. Bd4 Rc7 30. Bc3 Qa6 31. Qd2 Rcd7 32. Nf1 Bf7 33. Qd1 Qxa3 34. Ng3 h4 35. Nh5 Ne8 36. Nf4 Bxd5 37. Qh5+ Kg8 38. Red1 Bf7 0-1

[Event "Pere Noel"]
[Site "Montreal CAN"]
[Date "2011.12.26"]
[Round "1"]
[White "Sambuev, Bator"]
[Black "Zhang, Yuanchen"]
[Result "1-0"]
[WhiteElo "2578"]
[BlackElo "1968"]
[PlyCount "49"]
[GameId "2160767909573227"]
[EventDate "2011.12.26"]
[EventType "swiss"]
[EventRounds "5"]
[EventCountry "CAN"]
[SourceTitle "EXT 2022"]
[Source "ChessBase"]
[SourceDate "2021.10.06"]
[SourceVersion "1"]
[SourceVersionDate "2021.10.06"]
[SourceQuality "1"]

1. d4 Nf6 2. Nf3 e6 3. e3 c5 4. Bd3 Nc6 5. O-O d5 6. b3 Bd6 7. Bb2 O-O 8. a3 a5 9. Nbd2 Qe7 10. Ne5 Nd7 11. f4 f6 12. Bxh7+ Kxh7 13. Qh5+ Kg8 14. Ng6 Qe8 15. Nf3 Ne7 16. Qh8+ Kf7 17. Ng5+ fxg5 18. Nxf8 Qxf8 19. fxg5+ Nf5 20. Qh3 b6 21. g4 Ba6 22. gxf5 Bxf1 23. fxe6+ Ke7 24. Rxf1 Qh8 25. Rf7+ 1-0

[Event "Pere Noel"]
[Site "Montreal CAN"]
[Date "2011.12.28"]
[Round "3"]
[White "Bergeron, Rene"]
[Black "Zhang, Yuanchen"]
[Result "0-1"]
[WhiteElo "1665"]
[BlackElo "1968"]
[PlyCount "68"]
[GameId "2160767909573255"]
[EventDate "2011.12.26"]
[EventType "swiss"]
[EventRounds "5"]
[EventCountry "CAN"]
[SourceTitle "hb 2011"]

1. c4 c5 2. Nc3 Nc6 3. g3 e5 4. Bg2 g6 5. d3 Bg7 6. Nf3 Nge7 7. Nd2 O-O 8. Nde4 d6 9. Nb5 Nf5 10. g4 a6 11. gxf5 axb5 12. Bg5 f6 13. Bd2 Bxf5 14. cxb5 Ne7 15. Nc3 Qd7 16. h4 Bg4 17. f3 Be6 18. h5 d5 19. hxg6 hxg6 20. a4 Kf7 21. Bh6 Rh8 22. Bxg7 Kxg7 23. Kf2 Rxh1 24. Qxh1 Rh8 25. Qf1 b6 26. Ke1 d4 27. Ne4 Nd5 28. Kd2 Ne3 29. Qf2 Qe7 30. Ng3 Rh2 31. Rg1 c4 32. Nf1 Qb4+ 33. Kc1 c3 34. Nxe3 Qxb2+ 0-1

[Event "Pere Noel"]
[Site "Montreal CAN"]
[Date "2011.12.29"]
[Round "4"]
[White "Zhang, Yuanchen"]
[Black "Zhu, Hong Rui"]
[Result "0-1"]
[WhiteElo "1968"]
[BlackElo "2114"]
[PlyCount "84"]
[GameId "2160767909573293"]
[EventDate "2011.12.26"]
[EventType "swiss"]
[EventRounds "5"]
[EventCountry "CAN"]
[SourceTitle "hb 2011"]

1. d4 d5 2. c4 e6 3. Nc3 Nf6 4. Bg5 Be7 5. e3 O-O 6. Nf3 Nbd7 7. Rc1 a6 8. c5 b6 9. b4 a5 10. c6 axb4 11. cxd7 Bxd7 12. Nb1 Rxa2 13. Bd3 Ba4 14. Bc2 Rxc2 15. Rxc2 c5 16. Qd2 Ne4 17. Bxe7 Nxd2 18. Bxd8 Nxf3+ 19. gxf3 Bxc2 20. Bxb6 Bxb1 21. Kd2 Bg6 22. Bxc5 Rb8 23. Kc1 b3 24. Kb2 Bc2 25. Ra1 h6 26. Ra7 g5 27. Bd6 Rc8 28. Rc7 Ra8 29. Ba3 Kg7 30. e4 dxe4 31. fxe4 Bxe4 32. Kxb3 Bd5+ 33. Kb4 Rb8+ 34. Ka4 Rb3 35. Bd6 Rf3 36. Bg3 Kg6 37. h4 f5 38. hxg5 hxg5 39. Be5 Rxf2 40. Rg7+ Kh5 41. Bf6 Rg2 42. Kb4 f4 0-1

[Event "Alliston op"]
[Site "Alliston CAN"]
[Date "2011.10.15"]
[Round "3"]
[White "Cheng, Bindi"]
[Black "Zhang, Yuanchen"]
[Result "1-0"]
[WhiteElo "2516"]
[BlackElo "1978"]
[PlyCount "69"]
[GameId "2160767909647905"]
[EventDate "2011.10.14"]
[EventType "swiss"]
[EventRounds "5"]
[EventCountry "CAN"]

1. d4 Nf6 2. Bg5 Ne4 3. Bf4 c5 4. f3 Qa5+ 5. c3 Nf6 6. d5 d6 7. e4 Qb6 8. Na3 Nbd7 9. Nc4 Qc7 10. a4 g6 11. Ne2 Bg7 12. g4 b6 13. Ng3 h5 14. g5 Nh7 15. h4 Bb7 16. Be3 O-O-O 17. a5 b5 18. a6 bxc4 19. axb7+ Kb8 20. Bxc4 Nb6 21. Bb5 Qxb7 22. Bc6 Qc7 23. Ra6 e6 24. O-O exd5 25. exd5 f5 26. Bf2 Rhf8 27. Qc2 Rf7 28. b4 Be5 29. Ne2 Nf8 30. Rfa1 Bg7 31. bxc5 dxc5 32. Rxb6+ Qxb6 33. Rb1 Qxb1+ 34. Qxb1+ Kc8 35. Bg3 1-0

[Event "Thanksgiving op"]
[Site "Toronto CAN"]
[Date "2011.10.08"]
[Round "1"]
[White "Zhang, Yuanchen"]
[Black "Calugar, Arthur"]
[Result "0-1"]
[WhiteElo "2013"]
[BlackElo "2376"]
[PlyCount "118"]
[GameId "2160767909648002"]
[EventDate "2011.10.08"]
[EventType "swiss"]
[EventRounds "6"]
[EventCountry "CAN"]
[SourceTitle "EXT 2022"]
[Source "ChessBase"]
[SourceDate "2021.10.06"]
[SourceVersion "1"]
[SourceVersionDate "2021.10.06"]
[SourceQuality "1"]

1. d4 d5 2. c4 c6 3. Nc3 e5 4. cxd5 cxd5 5. e3 e4 6. Bb5+ Nc6 7. Qa4 Bd7 8. Qb3 Nge7 9. Nge2 a6 10. Bxc6 Bxc6 11. Bd2 Rc8 12. O-O Ng6 13. Rac1 Rb8 14. Na4 Bb5 15. Rfe1 Bd6 16. Bb4 O-O 17. Bxd6 Qxd6 18. Nec3 Bc6 19. Nb6 Rbd8 20. Qa3 Qe6 21. Qc5 Nh4 22. Ne2 Qg4 23. Ng3 Rfe8 24. h3 Qg5 25. Kh2 Re6 26. Rg1 Rh6 27. Rc2 Qg4 28. Rh1 Nf3+ 29. gxf3 Rxh3+ 30. Kg2 exf3+ 31. Kf1 Rxh1+ 32. Nxh1 Qg2+ 33. Ke1 Qxh1+ 34. Kd2 Qf1 35. Kc3 h5 36. Qe7 Rf8 37. a4 a5 38. Qh4 Qe1+ 39. Rd2 g6 40. Qh3 Qc1+ 41. Rc2 Qa1 42. Qxf3 Bxa4 43. Nxa4 Qxa4 44. Kd2 Qb4+ 45. Kd1 Qb3 46. Kc1 a4 47. Rc3 Qb5 48. Qg2 Ra8 49. Rc5 Qb4 50. Rxd5 Rc8+ 51. Rc5 Rxc5+ 52. dxc5 Qxc5+ 53. Kb1 h4 54. Qxb7 h3 55. Qa8+ Kh7 56. Qxa4 h2 57. Qa8 Qf5+ 58. Ka2 Qxf2 59. Qe4 Qe1 0-1

[Event "Quebec op"]
[Site "Montreal CAN"]
[Date "2011.07.25"]
[Round "4"]
[White "Zhang, Yuanchen"]
[Black "Malveau, Cedric"]
[Result "1/2-1/2"]
[WhiteElo "1832"]
[BlackElo "2036"]
[PlyCount "32"]
[GameId "2160767909649394"]
[EventDate "2011.07.23"]
[EventType "swiss"]
[EventRounds "9"]
[EventCountry "CAN"]
[SourceTitle "EXT 2022"]
[Source "ChessBase"]
[SourceDate "2021.10.06"]
[SourceVersion "1"]
[SourceVersionDate "2021.10.06"]
[SourceQuality "1"]

1. d4 Nf6 2. c4 e6 3. Nc3 Bb4 4. Qc2 O-O 5. Bg5 d6 6. e3 Nbd7 7. Bd3 h6 8. Bh4 b6 9. Nge2 Bb7 10. O-O Bxc3 11. Nxc3 c5 12. Ne4 Qe7 13. Nxf6+ Nxf6 14. Bxf6 Qxf6 15. Be4 Bxe4 16. Qxe4 cxd4 1/2-1/2

[Event "Quebec op"]
[Site "Montreal CAN"]
[Date "2011.07.26"]
[Round "5"]
[White "Chevalier, Francois"]
[Black "Zhang, Yuanchen"]
[Result "0-1"]
[WhiteElo "1699"]
[BlackElo "1832"]
[PlyCount "84"]
[GameId "2160767909649406"]
[EventDate "2011.07.23"]
[EventType "swiss"]
[EventRounds "9"]
[EventCountry "CAN"]
[SourceTitle "EXT 2022"]
[Source "ChessBase"]
[SourceDate "2021.10.06"]
[SourceVersion "1"]
[SourceVersionDate "2021.10.06"]
[SourceQuality "1"]

1. d4 Nf6 2. Nf3 e6 3. e3 c5 4. Bd3 Nc6 5. b3 d5 6. O-O Bd6 7. Bb2 Qc7 8. Nbd2 Bd7 9. a3 e5 10. dxe5 Nxe5 11. Nxe5 Bxe5 12. Bxe5 Qxe5 13. Nf3 Qe7 14. h3 O-O 15. Qe2 Rfe8 16. Rfe1 Ne4 17. Bxe4 Qxe4 18. Kh2 a6 19. Qd3 Bb5 20. Qxe4 dxe4 21. Nd2 Rad8 22. Rad1 Rd7 23. Nb1 Red8 24. Nc3 Rxd1 25. Rxd1 Rxd1 26. Nxd1 c4 27. b4 Ba4 28. Nb2 Bb3 29. Kg3 b5 30. c3 f6 31. f3 exf3 32. Kxf3 Bc2 33. Ke2 Kf7 34. Kd2 Bb3 35. Nd1 Bxd1 36. Kxd1 Ke6 37. Ke2 Ke5 38. Kf3 f5 39. h4 g6 40. g3 h6 41. Kf2 Ke4 42. Ke2 h5 0-1

[Event "Quebec op"]
[Site "Montreal CAN"]
[Date "2011.07.27"]
[Round "6"]
[White "Zhang, Yuanchen"]
[Black "Libersan, Thierry"]
[Result "0-1"]
[WhiteElo "1832"]
[BlackElo "2141"]
[PlyCount "128"]
[GameId "2160767909649469"]
[EventDate "2011.07.23"]
[EventType "swiss"]
[EventRounds "9"]
[EventCountry "CAN"]
[SourceTitle "EXT 2022"]
[Source "ChessBase"]
[SourceDate "2021.10.06"]
[SourceVersion "1"]
[SourceVersionDate "2021.10.06"]
[SourceQuality "1"]

1. d4 Nf6 2. c4 e6 3. Nc3 c5 4. dxc5 Bxc5 5. e3 O-O 6. Nf3 b6 7. Bd3 Bb7 8. a3 Be7 9. O-O d6 10. Nd4 Nbd7 11. b3 Rc8 12. Bb2 Qc7 13. Ncb5 Qb8 14. Qe2 d5 15. Rac1 Ne5 16. f4 Nxd3 17. Qxd3 a6 18. Nc3 dxc4 19. bxc4 Rfd8 20. Rfd1 Nd7 21. Qe2 Nc5 22. Rd2 Bf6 23. Rcd1 Rd7 24. Nf3 Rcd8 25. Rxd7 Rxd7 26. Rxd7 Nxd7 27. Nd1 Qd6 28. Bxf6 gxf6 29. Qd2 Qxd2 30. Nxd2 Nc5 31. Nc3 f5 32. Nf3 Kf8 33. Kf2 Ke7 34. Ke2 Kd6 35. g3 Bxf3+ 36. Kxf3 Nd3 37. Na4 Kc6 38. Ke2 Nc1+ 39. Kd2 Nb3+ 40. Kc3 Nc5 41. Kb4 Nb7 42. h3 h5 43. h4 f6 44. Nc3 Nc5 45. a4 a5+ 46. Ka3 Nd3 47. Ne2 Nf2 48. Nd4+ Kd6 49. Kb3 Ng4 50. Nc2 Nh2 51. Kc3 Nf1 52. Nd4 Nxe3 53. Kd3 Nf1 54. Ne2 e5 55. Kc3 Kc5 56. Kb3 Nd2+ 57. Kc3 Nxc4 58. Nc1 Nd6 59. Nb3+ Kd5 60. Kd3 Ne4 61. Nc1 Nc5+ 62. Kc3 Nxa4+ 63. Kb3 b5 64. Nd3 Nc5+ 0-1

[Event "Quebec op"]
[Site "Montreal CAN"]
[Date "2011.07.28"]
[Round "7"]
[White "Weston, Paul"]
[Black "Zhang, Yuanchen"]
[Result "0-1"]
[WhiteElo "1883"]
[BlackElo "1832"]
[PlyCount "52"]
[GameId "2160767909649505"]
[EventDate "2011.07.23"]
[EventType "swiss"]
[EventRounds "9"]
[EventCountry "CAN"]
[SourceTitle "EXT 2022"]
[Source "ChessBase"]
[SourceDate "2021.10.06"]
[SourceVersion "1"]
[SourceVersionDate "2021.10.06"]
[SourceQuality "1"]

1. e4 c5 2. Nf3 e6 3. d4 cxd4 4. Nxd4 Nf6 5. Nc3 Nc6 6. Ndb5 Bb4 7. a3 Bxc3+ 8. Nxc3 d5 9. exd5 exd5 10. Be2 d4 11. Nb1 h6 12. O-O O-O 13. Bf4 Bf5 14. Bd3 Qd5 15. f3 Rfe8 16. b3 Bxd3 17. cxd3 Qf5 18. Qd2 Nd5 19. Bg3 Re3 20. Bf2 Rxd3 21. Qb2 Nf4 22. Nd2 Qg5 23. Bg3 Ne2+ 24. Kh1 Nxg3+ 25. hxg3 Qxd2 26. Qxd2 Rxd2 0-1